000 00315nam a2200109Ia 4500
008 220204s9999 xx 000 0 und d
082 _a004(031)
_bGUP
100 _aGupta, Vikas
245 0 _aEncyclopaedia of computer knowledge: Computer course kit. V.1-2
260 _aNew Delhi
_bDreamtech Press
_c2006
942 _cBK
999 _c42482
_d42482